Παγκόσμια διακυβέρνηση : διεθνές δίκαιο και διεθνείς σχέσεις στην αυγή του 21ου αιώνα

Αποθηκεύτηκε σε:
Λεπτομέρειες βιβλιογραφικής εγγραφής
Συγγραφή απο Οργανισμό/Αρχή: Ελληνική Εταιρεία Διεθνούς Δικαίου και Διεθνών Σχέσεων
Άλλοι συγγραφείς: Περράκης, Στέλιος Ε., 1948- (Επιμελητής έκδοσης)
Μορφή: Βιβλίο
Γλώσσα:Greek
Δημοσίευση: Αθήνα-Κομοτηνή : Σάκκουλας, Α., 2006
Θέματα:
Ετικέτες: Προσθήκη ετικέτας
Δεν υπάρχουν, Καταχωρήστε ετικέτα πρώτοι!

MARC

LEADER 00000nam a2200000 i 4500
001 1/46164
008 070614s2006 gre d
020 |a 960-15-1623-9 
035 |l 10088305 
040 |a GR-MY-UA  |b gre  |e aacr 
041 0 |a gre 
082 0 |a 341  |2 (22) 
110 2 |a Ελληνική Εταιρεία Διεθνούς Δικαίου και Διεθνών Σχέσεων. 
245 1 0 |a Παγκόσμια διακυβέρνηση :  |b διεθνές δίκαιο και διεθνείς σχέσεις στην αυγή του 21ου αιώνα /  |c Ελληνική Εταιρεία Διεθνούς Δικαίου και Διεθνών Σχέσεων ; επιμέλεια: Στέλιος Περράκης 
260 |a Αθήνα-Κομοτηνή :   |b Σάκκουλας, Α.,   |c 2006 
300 |a 344 σ. ;  |c 24 εκ.  
650 0 0 |a International law. 
650 0 0 |a International relations. 
650 0 0 |a International relations  |x Political aspects. 
700 1 |a Περράκης, Στέλιος Ε.,   |d 1948-  |4 edt 
852 |a INST  |b LESVOS  |e 20070614  |h 341 ΕΛΛ  |p 005100037743  |q 005100037743  |t BK  |y 0 
901 |a BIBL1-2007-2 
909 |a Λ  |b 135306 
922 |a 1ΕΛΗ  |b 200705  |c ΕΠΕΑΕΚ2/ΤΚ  |d Σ. ΠΑΤΑΚΗΣ 
970 |a ΧΑΤΖΗΜΙΧΑΗΛ  |b ΜΑΡΙΑ  |z 2007/06/14